000 00694nam a2200181 i 4500
001 47407
003 ES-MaACL
005 20230906161545.0
007 t|
008 030407s1964 sp ||||1| spa d
100 1 _aCorchón García, Justo.
_940485
245 1 0 _aMedios auxiliares del método didáctico geográfico.
_nIV,
_pMedios de visualización geográfica /
_cJusto Corchón García.
260 _a[Madrid :
_bs.n.,
_c1964]
300 _a7 h. ;
_c26 cm.
500 _aEs separata de: Boletín Pedagógico. Nº 47 de la Institución de Formación del Profesorado de Enseñanza Media. P. 31-43.
650 4 _aGeografía-
_xMetodología.
_9164393
852 _aES-MaACL
_j2057-F-28
_bR.63479
999 _c47407
_d47407